| 000 | 005370000a22001570004500 | ||
|---|---|---|---|
| 090 | _aSERIADAS | ||
| 245 | 1 | 0 |
_aOsteocephalus planiceps cope (Amphibia: Hylidae) _sits distribution in Colombia and significance |
| 044 | _aColombia | ||
| 041 | 0 | _aInglés | |
| 690 |
_aAnuros _9100647 |
||
| 690 |
_aBiogeografía _992747 |
||
| 651 | 4 |
_pColombia _lCuenca Amazónica _992749 |
|
| 100 | 1 |
_aLynch, John D. _992907 |
|
| 942 | _cARTICULO | ||
| 773 | 1 |
_tRevista de la Academia Colombiana de Ciencias Exactas, Físicas y Naturales _h122 _q87-91 _d2008 _g32 |
|
| 999 |
_c16349 _d16349 |
||